[Event "UTP Team-chT"]
[Site "Seri Iskandar"]
[Date "2017.09.24"]
[Round "6.3"]
[White "Palma, Michael Angelo"]
[Black "Chan, Sheng Yip"]
[Result "1/2-1/2"]
[WhiteElo "1899"]
[BlackElo "1927"]
[PlyCount "143"]
[EventDate "2017.09.23"]
[EventType "team-swiss"]
[EventRounds "7"]
[EventCountry "MAS"]
[SourceTitle "EXT 2019"]
[Source "ChessBase"]
[SourceDate "2018.10.10"]
[SourceVersion "1"]
[SourceVersionDate "2018.10.10"]
[SourceQuality "1"]

1. d4 c5 2. d5 d6 3. c4 g6 4. e4 Nf6 5. Nc3 Bg7 6. Bd3 0-0 7. h3 e6 8. Nf3 exd5 9. cxd5 b5 10. 0-0 b4 11. Ne2 Re8 12. Ng3 Ba6 13. Bxa6 Nxa6 14. Bg5 Nc7 15. Re1 Qd7 16. Rc1 Qb5 17. b3 Nd7 18. Bf4 Qa6 19. Qe2 Qb6 20. Nd2 Nxd5 21. Bxd6 Qxd6 22. Qd3 Bd4 23. exd5 Qxd5 24. Qf3 Qxf3 25. Nxf3 Bc3 26. Red1 Nb6 27. Ng5 f5 28. Kf1 c4 29. Nf3 Rad8 30. Ne2 Bb2 31. Rb1 c3 32. Ned4 a5 33. Nc2 h6 34. Rxd8 Rxd8 35. Ke2 Kf7 36. Nfd4 a4 37. Kd3 axb3 38. axb3 Nd5 39. g3 Nf6 40. f3 Nh5 41. Rg1 f4 42. g4 Nf6 43. Nxb4 Rxd4+ 44. Kxd4 c2+ 45. Kc5 c1Q+ 46. Rxc1 Bxc1 47. Nc6 Ba3+ 48. b4 Ke6 49. Nd4+ Kd7 50. Ne2 g5 51. Nd4 h5 52. Nc6 hxg4 53. hxg4 Ke6 54. Nd4+ Ke5 55. Nc6+ Ke6 56. Nd4+ Kd7 57. Nc6 Kc7 58. Nd4 Kd7 59. Nc6 Nxg4 60. fxg4 Bb2 61. Na5 f3 62. Nc4 f2 63. Nd2 Ke6 64. Kc4 Ke5 65. Kd3 Kf4 66. Ke2 Bd4 67. Kf1 Ke3 68. Nc4+ Kf4 69. b5 Kxg4 70. b6 Kf3 71. b7 Ba7 72. Ne5+ 1/2-1/2